000 00263nam a2200109Ia 4500
008 190216s9999||||xx |||||||||||||| ||und||
100 _aMahaswari P & Manohar Lala
245 0 _aJeevashashthram
260 _bBhasha Institute
650 _aZoology
942 _cBK
999 _c39648
_d39648